My stroke of insight : (Record no. 3309)
[ view plain ]
| 000 -LEADER | |
|---|---|
| fixed length control field | 01901cam a22003497a 4500 |
| 001 - CONTROL NUMBER | |
| control field | 3309 |
| 003 - CONTROL NUMBER IDENTIFIER | |
| control field | FISKH |
| 005 - DATE AND TIME OF LATEST TRANSACTION | |
| control field | 20240228153917.0 |
| 008 - FIXED-LENGTH DATA ELEMENTS--GENERAL INFORMATION | |
| fixed length control field | 080715t20082006nyua 000 0deng d |
| 010 ## - LIBRARY OF CONGRESS CONTROL NUMBER | |
| LC control number | 2008271243 |
| 020 ## - INTERNATIONAL STANDARD BOOK NUMBER | |
| International Standard Book Number | 9780670020744 |
| 020 ## - INTERNATIONAL STANDARD BOOK NUMBER | |
| International Standard Book Number | 0670020745 |
| 020 ## - INTERNATIONAL STANDARD BOOK NUMBER | |
| International Standard Book Number | 9780670020744 |
| 035 ## - SYSTEM CONTROL NUMBER | |
| System control number | (OCoLC)ocn228441969 |
| 040 ## - CATALOGING SOURCE | |
| Original cataloging agency | WIQ |
| Transcribing agency | WIQ |
| Modifying agency | ILC |
| -- | VET |
| -- | BAKER |
| -- | JAG |
| -- | BTCTA |
| -- | YDXCP |
| -- | JBL |
| -- | TXA |
| -- | DPL |
| -- | DLC |
| 042 ## - AUTHENTICATION CODE | |
| Authentication code | lccopycat |
| 050 00 - LIBRARY OF CONGRESS CALL NUMBER | |
| Classification number | RC388.5 |
| Item number | .T387 2008b |
| 082 04 - DEWEY DECIMAL CLASSIFICATION NUMBER | |
| Classification number | 362.196810092 |
| Edition number | 22 |
| 100 1# - MAIN ENTRY--PERSONAL NAME | |
| Personal name | Taylor, Jill Bolte, |
| Dates associated with a name | 1959- |
| 245 10 - TITLE STATEMENT | |
| Title | My stroke of insight : |
| Remainder of title | a brain scientist's personal journey / |
| Statement of responsibility, etc. | Jill Bolte Taylor. |
| 260 ## - PUBLICATION, DISTRIBUTION, ETC. | |
| Place of publication, distribution, etc. | London : |
| Name of publisher, distributor, etc. | Viking, |
| Date of publication, distribution, etc. | 2006. |
| 300 ## - PHYSICAL DESCRIPTION | |
| Extent | 177 pages : |
| Other physical details | illustrations ; |
| Dimensions | 24 cm |
| 505 0# - FORMATTED CONTENTS NOTE | |
| Formatted contents note | Jill's pre-stroke life -- Simple science -- Hemispheric asymmetries -- Morning of the stroke -- Orchestrating my rescue -- My return to the still -- Bare to the bone -- Neurological intensive care -- Day two: the morning after -- Day three: G.G. comes to town -- Healing and preparing for surgery -- Stereotactic craniotomy -- What I needed the most -- Milestones for recovery -- My stroke of insight -- My right and left minds -- Own your power -- Cells and multidimensional circuitry -- Finding your deep inner peace -- Tending the garden. |
| 520 ## - SUMMARY, ETC. | |
| Summary, etc. | On the morning of December 10, 1996, Taylor, a brain scientist, experienced a massive stroke. She observed her own mind completely deteriorate. Now she shares her unique perspective on the brain and its capacity for recovery. |
| 600 10 - SUBJECT ADDED ENTRY--PERSONAL NAME | |
| Personal name | Taylor, Jill Bolte, |
| Dates associated with a name | 1959- |
| General subdivision | Health. |
| 650 #0 - SUBJECT ADDED ENTRY--TOPICAL TERM | |
| Topical term or geographic name entry element | Cerebrovascular disease |
| General subdivision | Patients |
| Geographic subdivision | United States |
| Form subdivision | Biography. |
| 650 #0 - SUBJECT ADDED ENTRY--TOPICAL TERM | |
| Topical term or geographic name entry element | Cerebrovascular disease |
| General subdivision | Patients |
| -- | Rehabilitation. |
| 650 #2 - SUBJECT ADDED ENTRY--TOPICAL TERM | |
| Topical term or geographic name entry element | Stroke |
| General subdivision | rehabilitation |
| Form subdivision | Personal Narratives. |
| 906 ## - LOCAL DATA ELEMENT F, LDF (RLIN) | |
| a | 7 |
| b | cbc |
| c | copycat |
| d | 2 |
| e | ncip |
| f | 20 |
| g | y-gencatlg |
| 942 ## - ADDED ENTRY ELEMENTS (KOHA) | |
| Source of classification or shelving scheme | Dewey Decimal Classification |
| Koha item type | Books |
| Suppress in OPAC | No |
| Withdrawn status | Lost status | Source of classification or shelving scheme | Damaged status | Not for loan | Collection | Home library | Current library | Shelving location | Date acquired | Total Checkouts | Full call number | Barcode | Date last seen | Price effective from | Koha item type |
|---|---|---|---|---|---|---|---|---|---|---|---|---|---|---|---|
| Dewey Decimal Classification | Non-Fiction | Footprints International School Library Network Toul Kork Campus | Footprints International School Library Network Toul Kork Campus | 02/26/2024 | TAY 362.196810092 RC388.T387 | FISSE03404 | 02/26/2024 | 02/26/2024 | Books |
